Statistics for Taylor Swift - How Did It End? (Lyrics)

Click here to take the quiz!

General Stats

  • This quiz has been taken 34 times
  • The average score is 171 of 223

Answer Stats

Answer% Correct
did
100%
end?
100%
How
100%
I
100%
it
100%
a
95%
all
95%
and
95%
And
95%
in
95%
The
95%
the
95%
We
95%
we
95%
know
91%
me
91%
my
91%
My
91%
no
91%
of
91%
to
91%
who
91%
He
86%
hear
86%
It's
86%
like
86%
our
86%
Our
86%
so
86%
was
86%
as
82%
friends
82%
into
82%
off
82%
she
82%
they
82%
were
82%
you
82%
again
77%
at
77%
Come
77%
come
77%
go
77%
him
77%
Lost
77%
lost
77%
must
77%
one
77%
One
77%
one,
77%
Say
77%
tell
77%
We'll
77%
But
73%
can
73%
Didn't
73%
except
73%
Guess
73%
happening
73%
ran
73%
are
68%
beloved
68%
called
68%
cause
68%
circles
68%
death
68%
D-Y-I-N-G
68%
empathetic
68%
ghost
68%
husbands
68%
rattle
68%
right
68%
shops
68%
Sitting
68%
that
68%
their
68%
them
68%
then
68%
Then
68%
this
68%
tree
68%
Walking
68%
could
64%
dances
64%
different
64%
don't
64%
gasp,
64%
home
64%
learned
64%
once
64%
steps
64%
they'll
64%
trust
64%
calling
59%
conduct
59%
cousins
59%
descends
59%
hereby
59%
hunger
59%
mortem
59%
post
59%
reeling
59%
what
59%
with
59%
bereft
55%
breathing
55%
chance,
55%
chances?
55%
dreaming
55%
Leaving
55%
leaving
55%
not
55%
Smug
55%
Soon
55%
became
50%
birthright
50%
can't
50%
cure
50%
feeling
50%
flower
50%
foreign
50%
game
50%
hothouse
50%
outdoorsman
50%
soul
50%
blind
45%
circumstances
45%
still
45%
such
45%
touch
45%
deflation
41%
feverishly
41%
maladies
41%
pretend
41%
understand
41%
unforeseen
41%
fell
36%
glances
36%
Silenced
36%
victim
32%
interlopers'
23%

Score Distribution

Percentile by Number Answered

Percent of People with Each Score

Your Score History

You have not taken this quiz